Normal view MARC view
  • SEP-PRONAP (Programa)

Entry Nombre Corporativo

Number of records used in: 5

001 - NÚMERO DE CONTROL

  • campo de control: 43652

003 - IDENTIFICADOR DE NUMERO DE CONTROL

  • campo de control: UPN

005 - FECHA Y HORA DE LA ÜLTIMA TRANSACCIÓN

  • campo de control: 20220209163236.0

008 - DATOS DE LONGITUD FIJA

  • campo de control de longitud fija: 220209|| aca||aabn | a|a d

040 ## - FUENTE DE CATALOGACIÓN

  • Agencia original de catalogación: UPN

110 2# - ENCABEZAMIENTO - NOMBRE CORPORATIVO

  • Nombre corporativo o de jurisdicción como elemento de entrada : SEP-PRONAP (Programa)

410 ## - MENCIÓN DE REFERENCIA “VÉASE” – NOMBRE DE ENTIDAD CORPORATIVA

  • Corporate name or jurisdiction name as entry element: Programa Nacional para la Actualización Permanente de los Maestros de Educación Básica en Servicio (México)

410 2# - MENCIÓN DE REFERENCIA “VÉASE” – NOMBRE DE ENTIDAD CORPORATIVA

  • Corporate name or jurisdiction name as entry element: PRONAP

410 1# - MENCIÓN DE REFERENCIA “VÉASE” – NOMBRE DE ENTIDAD CORPORATIVA

  • Corporate name or jurisdiction name as entry element: Mexico.
  • Subordinate unit: Secretaría de Educación Pública.
  • Subordinate unit: Programa Nacional para la Actualización Permanente de los Maestros de Educación Básica en Servicio

670 ## - FUENTE EN LA QUE SE LOCALIZARON DATOS

  • Cita de la fuente : L@s adolescentes y su entorno, 2007:
  • Información localizada: portada (SEP-PRONAP)

670 ## - FUENTE EN LA QUE SE LOCALIZARON DATOS

  • Cita de la fuente : Its Web site, Aug. 25, 2008:
  • Información localizada: (SEP, Secretaría de Educación Pública, Programa Nacional para la Actualización Permanente de los Maestros de Educación Básica en Servicio; Pronap; ProNAP; PRONAP)
  • Uniform Resource Identifier: https://authorities.loc.gov/cgi-bin/Pwebrecon.cgi?AuthRecID=7635900&v1=1&HC=1&SEQ=20220209112351&PID=oYxs6lO9hpA0beeSsFc4iIBP5bT2O-